| 000 | 00607nam a22001457a 4500 | ||
|---|---|---|---|
| 999 |
_c127612 _d127612 |
||
| 005 | 20220805115613.0 | ||
| 008 | 220805b ||||| |||| 00| 0 eng d | ||
| 040 | _cPK-LaUMT | ||
| 082 |
_aAPC 297.2112 _bMIR-I |
||
| 100 | _aMir Muhammad Sadiq Qadiri Sarwari = میر محمد صادق قادری سروری | ||
| 245 |
_aIntikhab ul jafar mosoom bah Israr i Nadiri = انتخاب الجعفر موسوم بہ اسرار نادری / _cby Mir Muhammad Sadiq Qadiri Sarwari = میر محمد صادق قادری سروری |
||
| 260 |
_aGujrat : _bTameer i Nau Press, _cNA |
||
| 300 | _a149 p. | ||
| 942 | _cBK | ||